000 00496nam a2200181Ia 4500
001 21102
005 20260306172854.0
008 260306t2017||||xx |||||||||||||| ||spa||
041 _aESP
082 _a344
_bP86
100 _aPriori Posada, Giovanni
_eAUT
245 0 _aDerecho material y proceso:
_bel modo cómo el proceso se adecúa a la tutela del derecho material
260 _c2017
300 _a498 páginas :
_c24 cm.
650 _aGEN
654 _aCDE
942 _cLIB
_dJUS
_fJUS
_2ddc
_n
999 _c21102
_d21102